ARRUPE JESUIT UNIVERSITY

CORONAVIRUS -STOP THE SPREAD - CLEAN,DISINFECT,COVER

African theology today; (Record no. 131888)

MARC details
000 -LEADER
fixed length control field 00452nam a22001457a 4500
008 - FIXED-LENGTH DATA ELEMENTS--GENERAL INFORMATION
fixed length control field 240503b |||||||| |||| 00| 0 eng d
020 ## - INTERNATIONAL STANDARD BOOK NUMBER
International Standard Book Number 1589660129.
050 ## - LIBRARY OF CONGRESS CALL NUMBER
Classification number BT30.A4.A37 2002
100 ## - MAIN ENTRY--PERSONAL NAME
Personal name Katongole , Emmanuel
9 (RLIN) 52711
245 ## - TITLE STATEMENT
Title African theology today;
Statement of responsibility, etc Emmanuel Katongole.
260 ## - PUBLICATION, DISTRIBUTION, ETC. (IMPRINT)
Place of publication, distribution, etc USA:
Name of publisher, distributor, etc Scranton Press,
Date of publication, distribution, etc 2002.
300 ## - PHYSICAL DESCRIPTION
Extent xii;
Other physical details 241p,
Dimensions 23cm.
650 ## - SUBJECT ADDED ENTRY--TOPICAL TERM
Topical term or geographic name as entry element Theology,doctrinal:
Form subdivision congress,
Geographic subdivision Africa,
9 (RLIN) 52713
942 ## - ADDED ENTRY ELEMENTS (KOHA)
Source of classification or shelving scheme Library of Congress Classification
Item type Monograph ( Printed materials)

No items available.

 

Arrupe Library. PO Box MP320 Mt Pleasant, Harare, Zimbabwe
263 242 745411|librarian@aju.ac.zw